| Tag |
First Indicator |
Second Indicator |
Subfields |
| LEADER |
00000nam a2200000Ia 4500 |
| 001 |
in00004198607 |
| 005 |
20200806090819.0 |
| 006 |
m g d |
| 007 |
cr bn |||a|bb| |
| 008 |
890721s1612 enk o 00| | eng d |
| 035 |
|
|
|a (OCoLC)20050353
|
| 040 |
|
|
|a EBL
|c EBL
|d WaOLN
|
| 037 |
|
|
|a CL0036000050
|b ProQuest. 789 E. Eisenhower Parkway, Ann Arbor, MI 48108-3218
|
| 090 |
|
|
|a PR2244.D2
|b S87 1612
|
| 049 |
|
|
|a UMIA
|
| 100 |
1 |
|
|a Deloney, Thomas,
|d 1543?-1600.
|
| 245 |
1 |
0 |
|a Strange histories, or, Songs and sonnets, of kinges, princes, dukes, lords, ladyes, knights, and gentlemen :
|b and of certaine ladyes that were shepheards on Salisburie plaine : very pleasant either to be read or songe, and a most excellent warning for all estates /
|c by Thomas Delone.
|
| 260 |
|
|
|a At London :
|b Printed by R.B. for W. Barley, and are to be sold at his shoppe ouer against Cree-church neere All-gate,
|c 1612.
|
| 300 |
|
|
|a 1 online resource ([94] pages)
|
| 336 |
|
|
|a text
|b txt
|2 rdacontent
|
| 337 |
|
|
|a computer
|b c
|2 rdamedia
|
| 338 |
|
|
|a online resource
|b cr
|2 rdacarrier
|
| 500 |
|
|
|a In verse, without music.
|
| 500 |
|
|
|a Signatures: A-M⁴ (last leaf blank).
|
| 500 |
|
|
|a "Omits the new material in STC 6567 and adds 12 more songs, 3 of which (Fair Rosamund, King Edgar, King Edward III) are reprinted from a lost ed. of STC 6553.5"--STC (2nd edition).
|
| 500 |
|
|
|a Reproduction of original in the British Library.
|
| 510 |
4 |
|
|a STC (2nd edition)
|c 6568
|
| 533 |
|
|
|a Electronic reproduction.
|b Ann Arbor, Mich. :
|c UMI,
|d 1999-
|f (Early English books online)
|n Digital version of: (Early English books, 1475-1640 ; 1727:10)
|7 s1999 miun s
|
| 650 |
|
0 |
|a Ballads, English.
|
| 740 |
0 |
|
|a Songs and sonnets, of kinges, princes, dukes, lords, ladyes, knights, and gentlemen.
|
| 830 |
|
0 |
|a Early English books online.
|
| 856 |
4 |
0 |
|u http://proxy.library.tamu.edu/login?url=https://search.proquest.com/docview/2240907330
|z Connect to the full text of this electronic book
|t 0
|
| 999 |
f |
f |
|s d2378b8c-0960-3e82-8249-ecb29caf8c78
|i cd807424-c6c0-3125-9f59-6fec9e1d4ea1
|t 0
|
| 952 |
f |
f |
|a Texas A&M University
|b College Station
|c Electronic Resources
|d Available Online
|t 0
|e PR2244.D2 S87 1612
|h Library of Congress classification
|
| 998 |
f |
f |
|a PR2244.D2 S87 1612
|t 0
|l Available Online
|